News for now 1
Salvato in:
| Autore principale: | |
|---|---|
| Altri autori: | |
| Natura: | Libro |
| Lingua: | Undetermined |
| Pubblicazione: |
Singapore
Thomson Learning
1998
|
| Accesso online: | http://lrc.tdmu.edu.vn/opac/search/detail.asp?aID=2&ID=7442 |
| Tags: |
Aggiungi Tag
Nessun Tag, puoi essere il primo ad aggiungerne! !
|
| Thư viện lưu trữ: | Trung tâm Học liệu Trường Đại học Thủ Dầu Một |
|---|
| LEADER | 00557nam a2200193Ia 4500 | ||
|---|---|---|---|
| 001 | TDMU_7442 | ||
| 008 | 210410s9999 xx 000 0 und d | ||
| 082 | |a 428.076 | ||
| 090 | |b B105 | ||
| 100 | |a Blanchard, Karen | ||
| 245 | 0 | |a News for now 1 | |
| 245 | 0 | |c Karen Blanchard, Christine Root | |
| 260 | |a Singapore | ||
| 260 | |b Thomson Learning | ||
| 260 | |c 1998 | ||
| 300 | |a 92p | ||
| 700 | |a Root, Christine | ||
| 856 | |u http://lrc.tdmu.edu.vn/opac/search/detail.asp?aID=2&ID=7442 | ||
| 980 | |a Trung tâm Học liệu Trường Đại học Thủ Dầu Một | ||